000 00718nam a22002297a 4500
003 UA-OsUOA
001 49932
007 ta
008 20071015b un ||||| |||| 00| 0 ukr d
100 _aТоменко М.
090 _a82(477)
_bТ56
942 _cBK
040 _aUA-OsUOA
_bukr
_cUA-OsUOA
_dUA-OsUOA
245 _aТрагічні етюди
_bтретя книга епічно-психологічної поеми народного болю "Трудова книжка матері"
300 _a76 с.
955 _a3
041 _aukr
080 _a82(477)
260 _aК.
_bДеміур
_c2003
650 7 _a82 Література. Літературознавство
_2UDC
999 _c336031
_d336031